Cultivo ecológico de hortalizas (Registro nro. 2300)
[ vista simple ]
| 000 -Cabecera | |
|---|---|
| Campo de control de longitud fija | 00858aam a2200337 4500 |
| 005 - Fecha y hora de la última transacción | |
| Campo de control | 20231128180033.0 |
| 008 - Elementos de longitud fija--Información general | |
| Campo de control de longitud fija | 150526b2010 xxu||||| |||| 00| 0 spa d |
| 020 ## - International Standard Book Number | |
| Número Internacional Estándar del Libro (ISBN) | 9789588595016 |
| 041 ## - Idioma | |
| Código de idioma | Español |
| 082 ## - Clasificación Decimal Dewey | |
| Número de clasificación | 635 H715c |
| 110 ## - Entrada principal--Autor corporativo | |
| Nombre de entidad corporativa | Hogares Juveniles Campesiones |
| 245 ## - Título propiamente dicho | |
| Título | Cultivo ecológico de hortalizas |
| 260 ## - Pie de imprenta | |
| Lugar de publicación, distribución, etc. | Colombia |
| 260 ## - Pie de imprenta | |
| Nombre del editor, distribuidor, etc. | Lexus Editores |
| 260 ## - Pie de imprenta | |
| Fecha de publicación, distribución, etc. | 2010 |
| 300 ## - Descripción física | |
| Extensión | 175 páginas |
| 505 ## - Nota de contenido | |
| Nota de contenido | Contiene DVD N° 440 |
| 650 ## - Materia general | |
| Temática (materia general) | HORTICULTURA |
| 650 ## - Materia general | |
| Temática (materia general) | HORTALIZAS |
| 650 ## - Materia general | |
| Temática (materia general) | VERDURAS |
| 650 ## - Materia general | |
| Temática (materia general) | CULTIVO ECOLÓGICO |
| 650 ## - Materia general | |
| Temática (materia general) | ANÁLISIS DE SUELOS |
| 650 ## - Materia general | |
| Temática (materia general) | AGRICULTURA ORGÁNICA |
| 650 ## - Materia general | |
| Temática (materia general) | PRODUCCIÓN DE HORTALIZAS |
| 650 ## - Materia general | |
| Temática (materia general) | ORGANIZACIÓN DE LA HUERTA |
| 650 ## - Materia general | |
| Temática (materia general) | MANEJO FITOSANITARIO |
| 650 ## - Materia general | |
| Temática (materia general) | COSECHA |
| 650 ## - Materia general | |
| Temática (materia general) | POSCOSECHA |
| 650 ## - Materia general | |
| Temática (materia general) | RIEGO |
| 942 ## - Punto de acceso adicional KOHA | |
| Tipo de ítem KOHA | Libro |
| Fuente del sistema de clasificación o colocación | Dewey Decimal Classification |
| Signatura completa | Código de barras | Tipo de ítem |
|---|---|---|
| 635 H715c | 15156 | Libro |
| 635 H715c | 440DVD | DVD |